| Tag |
First Indicator |
Second Indicator |
Subfields |
| LEADER |
00000cam a2200000 i 4500 |
| 001 |
in00004768708 |
| 006 |
m o d |
| 007 |
cr |n||||||||| |
| 008 |
201011r20172005enkab ob 001 0 eng d |
| 005 |
20240130225701.3 |
| 035 |
|
|
|a (OCoLC)on1202544127
|
| 040 |
|
|
|a VT2
|b eng
|e rda
|e pn
|c VT2
|d UCW
|d OCLCO
|d OCLCF
|d TYFRS
|d OCLCQ
|d OCLCO
|d SFB
|d OCLCL
|
| 019 |
|
|
|a 1334902353
|
| 020 |
|
|
|a 9780203023792
|q (electronic book)
|
| 020 |
|
|
|a 020302379X
|q (electronic book)
|
| 020 |
|
|
|a 1134278705
|
| 020 |
|
|
|a 9781134278701
|
| 020 |
|
|
|a 1134278713
|
| 020 |
|
|
|a 9781134278718
|
| 020 |
|
|
|a 1280171057
|
| 020 |
|
|
|a 9781280171055
|
| 024 |
7 |
|
|a 10.4324/9780203023792
|2 doi
|
| 035 |
|
|
|a (OCoLC)1202544127
|z (OCoLC)1334902353
|
| 037 |
|
|
|a 9780203023792
|b Taylor & Francis
|
| 043 |
|
|
|a a-ja---
|a a-cc---
|
| 050 |
|
4 |
|a DS849.C6
|b H35 2017eb
|
| 082 |
0 |
4 |
|a 327.52051/09/045
|2 22
|
| 049 |
|
|
|a TXAM
|
| 100 |
1 |
|
|a Hagström, Linus,
|e author.
|
| 245 |
1 |
0 |
|a Japan's China policy :
|b a relational power analysis /
|c Linus Hagström.
|
| 264 |
|
1 |
|a London :
|b Routledge,
|c 2017.
|
| 264 |
|
4 |
|c ©2005
|
| 300 |
|
|
|a 1 online resource (xiv, 234 pages) :
|b illustrations, maps
|
| 336 |
|
|
|a text
|b txt
|2 rdacontent
|
| 337 |
|
|
|a computer
|b c
|2 rdamedia
|
| 338 |
|
|
|a online resource
|b cr
|2 rdacarrier
|
| 490 |
1 |
|
|a European institute of Japanese studies, East Asian economics and business series ;
|v 7
|
| 504 |
|
|
|a Includes bibliographical references and index.
|
| 500 |
|
|
|a Originally published in 2005 by Routledge.
|
| 505 |
0 |
|
|a Introduction : enigmatic power? -- Conceptual and analytical framework: relational power -- Empirical focus: Japan's China policy -- Case 1: negotiating investment protection -- Case 2: interaction over the Pinnacle Islands -- Conclusion: intelligible power.
|
| 520 |
|
|
|a Japan's China Policy understands Japan's foreign policy in terms of power - one of the most central concepts of political analysis. It contributes a fresh understanding to the subject by developing relational power as an analytical framework and by applying it to significant issues in Japan's China policy: the negotiations for a bilateral investment protection treaty and the disputed Pinnacle (Senkaku/Diaoyu) Islands. Hagström demonstrates that Japan exerted power over China in such divergent empirical settings for the most part by using civilian instruments positively.
|
| 546 |
|
|
|a English.
|
| 651 |
|
0 |
|a Japan
|x Foreign relations
|z China.
|
| 651 |
|
0 |
|a China
|x Foreign relations
|z Japan.
|
| 651 |
|
0 |
|a Japan
|x Foreign relations
|y 1945-1989.
|
| 651 |
|
0 |
|a Japan
|x Foreign relations
|y 1989-
|
| 651 |
|
0 |
|a China
|x Foreign relations
|y 1949-
|
| 651 |
|
6 |
|a Japon
|x Relations extérieures
|z Chine.
|
| 651 |
|
6 |
|a Chine
|x Relations extérieures
|z Japon.
|
| 651 |
|
6 |
|a Japon
|x Relations extérieures
|y 1945-1989.
|
| 651 |
|
6 |
|a Japon
|x Relations extérieures
|y 1989-
|
| 651 |
|
6 |
|a Chine
|x Relations extérieures
|y 1949-
|
| 650 |
|
7 |
|a Diplomatic relations.
|2 fast
|0 (OCoLC)fst01907412
|
| 651 |
|
7 |
|a China.
|2 fast
|0 (OCoLC)fst01206073
|1 https://id.oclc.org/worldcat/entity/E39PBJcrd4RjtCBk4wfMhTwwG3
|
| 651 |
|
7 |
|a Japan.
|2 fast
|0 (OCoLC)fst01204082
|1 https://id.oclc.org/worldcat/entity/E39PBJkT7GyCmyjxytDfqk6Yfq
|
| 648 |
|
7 |
|a Since 1945
|2 fast
|
| 653 |
|
|
|a relational
|
| 653 |
|
|
|a power
|
| 653 |
|
|
|a analysis
|
| 653 |
|
|
|a pinnacle
|
| 653 |
|
|
|a islands
|
| 653 |
|
|
|a japans
|
| 653 |
|
|
|a foreign
|
| 653 |
|
|
|a japanese
|
| 653 |
|
|
|a chinese
|
| 653 |
|
|
|a relations
|
| 655 |
|
7 |
|a Electronic books.
|2 local
|
| 710 |
2 |
|
|a Taylor & Francis.
|
| 776 |
0 |
|
|z 0-415-43899-3
|
| 776 |
0 |
|
|z 0-415-34679-7
|
| 830 |
|
0 |
|a European Institute of Japanese Studies East Asian economics & business series ;
|v 7.
|
| 856 |
4 |
0 |
|u https://www.taylorfrancis.com/books/9780203023792
|z Connect to the full text of this electronic book
|t 0
|
| 955 |
|
|
|a Taylor & Francis Open Access ebooks
|
| 994 |
|
|
|a 92
|b TXA
|
| 999 |
f |
f |
|s 7de7762f-0bb8-47c0-8a6d-48cc7197525a
|i 6c23452f-e86c-427f-9cd5-475b0c4f2fa8
|t 0
|
| 952 |
f |
f |
|a Texas A&M University
|b College Station
|c Electronic Resources
|d Available Online
|t 0
|e DS849.C6 H35 2017eb
|h Library of Congress classification
|
| 998 |
f |
f |
|a DS849.C6 H35 2017eb
|t 0
|l Available Online
|